Instrumentos procesales para la tutela judicial del crďito

Bibliographic Details
Main Author: Peiteado Mariscal, Pilar
Other Authors: Cubillo Lp̤ez, Ignacio
Format: eBook
Language:Spanish
Published: Madrid: Dykinson, 2018
Subjects:
Online Access:Acceso restringido

MARC

LEADER 00000nam a22000007a 4500
005 20180511214425.0
007 cr|||| ||||
008 180511s2018 es |||||s|||| 00||0 spa d
020 |a 978-84-9148-604-6 
035 |a 21664 
040 |a vLex 
090 |c 7946  |d 7946 
100 1 |a Peiteado Mariscal, Pilar 
245 1 0 |a Instrumentos procesales para la tutela judicial del crďito  |h [Recurso electrn̤ico] /  |c Pilar Peiteado Mariscal, Ignacio Cubillo Lp̤ez 
256 |a Servicio en ln̕ea 
260 |a Madrid:  |b Dykinson,  |c 2018 
300 |a 1 recurso electrn̤ico 
506 1 |a Disponible solo en los productos indicados  |d vLex Global  |d vLex Global (Academic Edition, excluding Law Schools)  |d vLex Global (U.S. Academic Edition, Law Schools)  |d vLex Global (U.S. Academic Edition, excluding Law Schools)  |d vLex Global (Academic Edition, Law Schools) 
650 0 4 |a Derecho Procesal  |z Espaą 
700 1 |a Cubillo Lp̤ez, Ignacio 
740 0 |a vLex Libros (Servicio en ln̕ea) 
856 4 0 |u http://vlex.com/source/instrumentos-procesales-tutela-judicial-credito-21664  |z Acceso restringido 
942 |c BOOK 
999 0 |a Procedural law